Countries with the Most Pizza Hut Locations - Statistics

General Stats
  • This quiz has been taken 392 times
  • The average score is 13 of 20
Answer Stats
# Country % Correct
7,891 United States
98%
1,264 China
93%
640 United Kingdom
91%
345 Canada
88%
370 Japan
86%
125 France
82%
182 Mexico
82%
79 Brazil
80%
315 India
77%
299 Australia
73%
332 South Korea
67%
297 Indonesia
55%
84 New Zealand
53%
79 Thailand
50%
153 Philippines
48%
332 Malaysia
45%
92 Portugal
38%
195 Saudi Arabia
38%
177 Taiwan
37%
100 Belgium
32%
No matching quizzes found
Score Distribution
Percent of People with Each Score
Percentile by Number Answered
Your Score History
You have not taken this quiz